[Event "Doha AAB op 5th"]
[Site "Doha"]
[Date "2021.11.13"]
[Round "4"]
[White "Mohamed, Sadiq Chanthana"]
[Black "Boydia, Sidi"]
[Result "0-1"]
[WhiteElo "1793"]
[BlackElo "2040"]
[PlyCount "84"]
[EventDate "2021.11.12"]
[EventType "swiss"]
[EventRounds "7"]
[EventCountry "QAT"]
[SourceTitle "CBM 205 Extra"]
[Source "ChessBase"]
[SourceDate "2022.01.31"]
[SourceVersion "1"]
[SourceVersionDate "2022.01.31"]
[SourceQuality "1"]

1. d4 Nf6 2. c4 e6 3. Nc3 Bb4 4. Qc2 0-0 5. a3 Bxc3+ 6. Qxc3 b6 7. Nf3 Ne4 8. Qc2 Bb7 9. e3 d6 10. Bd3 f5 11. b3 Nd7 12. Bb2 Qe7 13. 0-0 Ng5 14. Nxg5 Qxg5 15. f4 Qg6 16. Rae1 Nf6 17. d5 Ne4 18. Bxe4 fxe4 19. dxe6 Qxe6 20. Qc3 Qg4 21. f5 Rf6 22. Rf4 Qh5 23. Ref1 Raf8 24. Qd4 R8f7 25. g4 Qg5 26. R1f2 Kf8 27. Rg2 Rh6 28. Bc3 Rh3 29. b4 Rf3 30. Rxf3 exf3 31. Rg3 Qh4 32. e4 Re7 33. c5 Bxe4 34. cxd6 cxd6 35. Qxd6 f2+ 36. Kf1 Qxh2 37. f6 gxf6 38. Qxf6+ Ke8 39. Qh8+ Kd7 40. Qd4+ Kc7 41. Qxf2 Qh1+ 42. Qg1 Bd3+ 0-1

[Event "Doha AAB op 5th"]
[Site "Doha"]
[Date "2021.11.12"]
[Round "1"]
[White "Sivaganesh, M."]
[Black "Mohamed, Sadiq Chanthana"]
[Result "1/2-1/2"]
[WhiteElo "1163"]
[BlackElo "1793"]
[PlyCount "41"]
[EventDate "2021.11.12"]
[EventType "swiss"]
[EventRounds "7"]
[EventCountry "QAT"]
[SourceTitle "CBM 205 Extra"]
[Source "ChessBase"]
[SourceDate "2022.01.31"]
[SourceVersion "1"]
[SourceVersionDate "2022.01.31"]
[SourceQuality "1"]

1. e4 c6 2. d4 d5 3. exd5 cxd5 4. c4 Nf6 5. cxd5 Nxd5 6. Nc3 e6 7. Bc4 Nc6 8. Nf3 Be7 9. Bxd5 exd5 10. Be3 0-0 11. 0-0 Bg4 12. Rc1 Rc8 13. h3 Be6 14. Ne2 Qa5 15. Qb3 Qb4 16. Nf4 Qxb3 17. axb3 a6 18. Nd3 Na5 19. b4 Nc6 20. Bd2 Bf6 21. Bc3 1/2-1/2